000 00747nam a22002292 4500
001 0000002445
005 20151021151058.0
008 070411s xx 000 0 eng d
020 _a1556238681 :
_cKES 200 (donation)
040 _aKABU
_cKABU
050 0 _aHF5549.5
_b.M63M57
100 1 _aMiskell, Jane R.
_@0000159969
245 1 0 _aMotivation at work /
_cJane R. Miskell, Vincent Miskell.
260 _aBurr Ridge, Illinois :
_bIrwin,
_cc1994.
300 _axvi, 78 p. ;
_c24 cm.
440 4 _aThe business skills express series
_@0000159970
650 0 _aEmployee motivation.
_@0000150982
700 1 _aMiskell, Vincent.
_@0000159971
908 _a070411
950 _@1
999 _c430
_d430